| 000 | 00545nam a2200169Ia 4500 | ||
|---|---|---|---|
| 008 | 131103s9999 xx 000 0 und d | ||
| 040 | _aLoreto College | ||
| 041 | _aEnglish | ||
| 082 |
_a822.33/SHA _b- WIL LCLIB/11150,1copy |
||
| 245 |
_aLife in Shakespeare' s England _b a book of elizabethan prose _cComplied by john Dover Wilson |
||
| 260 |
_aU. S A. _bPenguin Books _c1959 |
||
| 300 |
_a367p. _c 18cm. |
||
| 650 | _ashakespeare, Willia - Biography | ||
| 700 | _aWilson, John Dover ed. | ||
| 850 | _aLCLIB/822.33/SHA - WIL | ||
| 942 | _cBK | ||
| 999 |
_c21692 _d72171 |
||